ART Campus

Gespeichert in:
Bibliographische Detailangaben
1. Verfasser: Matysová, Diana (Verfasst von)
Weitere Verfasser: Skoček, Iľja (Betreuung Doktorarbeit)
Format: Manuskript Buch
Sprache:Slowakisch
Veröffentlicht: 2019
Schlagworte:
Online-Zugang:http://is.stuba.sk/zp/portal_zp.pl?podrobnosti=145642
https://opac.crzp.sk/?fn=detailBiblioForm&sid=9F8942B94996237AA2FB14F666DC
Tags: Tag hinzufügen
Keine Tags, Fügen Sie das erste Tag hinzu!

MARC

LEADER 00000ntm a22000003a 4500
001 stuzp73735
003 SK-STU
005 20230607111833.3
007 ta
008 150427s2015----xo-----f-mn---000-0-slo-d
040 |a STU  |b slo 
041 0 |a slo 
100 1 |a Matysová, Diana  |u 010310  |k Z4  |4 aut  |U SvF Stavebná fakulta  |T SvF Katedra architektúry  |X 63187  |U V181|V310  |Y 19  |7 63187 
242 0 1 |a ART Campus  |y eng 
245 1 0 |a ART Campus 
260 |c 2019 
650 4 |a campus  |2 slo 
650 4 |a internát  |2 slo 
650 4 |a škola  |2 slo 
650 4 |a dostavba  |2 slo 
650 4 |a art  |2 eng 
650 4 |a dormitory  |2 eng 
650 4 |a school  |2 eng 
700 1 |a Skoček, Iľja  |4 ths  |X 71168  |7 71168 
856 4 |u http://is.stuba.sk/zp/portal_zp.pl?podrobnosti=145642 
856 4 |u https://opac.crzp.sk/?fn=detailBiblioForm&sid=9F8942B94996237AA2FB14F666DC